Loading...
| Science - Chemistry | 0 | 5 | 0 | 2 | 50 | 70 | 105.60 | 1 | 5 | 0.38 | 7.58 |
| Social Science | 0 | 5 | 1 | 1 | 45 | 72 | 99.60 | 0 | 4 | 0.00 | 0.00 |
| Other Science: Earth Science | 0 | 3 | 0 | 0 | 30 | 99 | 119.67 | 0 | 3 | 0.00 | 0.00 |
| Beliefs | 0 | 2 | 0 | 0 | 20 | 83 | 106.00 | 0 | 1 | 0.00 | 0.00 |
| 0 | 1 | 0 | 0 | 10 | 112 | 112.00 | 1 | 1 | 0.00 | 0.00 | |
| History - American | 0 | 1 | 0 | 0 | 10 | 132 | 132.00 | 0 | 1 | -0.07 | 4.55 |
| Science - Biology | 0 | 2 | 3 | 0 | 5 | 93 | 98.00 | 0 | 2 | 5.32 | 18.18 |
| Other Science: Astronomy | 0 | 1 | 1 | 0 | 5 | 113 | 113.00 | 1 | 1 | 0.00 | 0.00 |
| Fine Arts - Visual | 0 | 1 | 1 | 1 | 5 | 147 | 147.00 | 0 | 1 | 0.00 | 0.00 |
| Science - Physics | 0 | 1 | 1 | 0 | 5 | 103 | 103.00 | 0 | 1 | 0.00 | 4.55 |
| World and Other Literature | 0 | 0 | 0 | 0 | 0 | 0.00 | 0 | 0 | 0.00 | 0.00 | |
| Literature - British | 0 | 0 | 0 | 0 | 0 | 0.00 | 0 | 0 | 0.00 | 0.00 | |
| Philosophy | 0 | 0 | 0 | 0 | 0 | 0.00 | 0 | 0 | 0.00 | 3.03 | |
| History - World | 0 | 1 | 2 | 0 | 0 | 115 | 115.00 | 0 | 0 | 1.64 | 6.06 |
| Fine Arts - Auditory | 0 | 0 | 1 | 0 | -5 | 0.00 | 0 | 0 | 0.00 | 0.00 |